000 01450nam0a22003011 4500
001 rc\2578846
005 20250623115211.0
035 _a(NLR Aleph) 006743388
090 _a5668238
_c5668238
100 _a20110914d1928 |||y0rusy50 ca
101 1 _arus
_cger
102 _aRU
105 _ay z |||||
200 1 _aОперативные задачи на основе действий 1 германской армии 29-30 августа 1914 года
_eС прилож. карты
_fК. Гирль
_gПер. с нем. А. Таубе
210 _aМосква
_aЛенинград
_cГос. изд-во. Отд. воен. литературы
_d1928
215 _a49, [2] с.
_d20х14 см.
225 1 _aБиблиотека иностранной военной литературы
300 _aДоб. тит. л.: "Operative und taktische aufgabeu zun studium des Marnefeldzuges 1914. Heft. 2. Studien uber die fuhrung der Deutschen 1. armee in der zeit vom 29. ausgust abends bis 30. ausgust abends. Von Constantin Hierl. Berlin, 1928"
606 1 _aПервая мировая война
_xВоенные операции
_z1914 - 1918
_z1914
_92474909
_3RU\NLR\AUTH\661469608
686 1 _aЦ35(0)532.221-24,2
700 1 _aХирль
_bК.
_gКонстантин
702 1 _aТаубе
_bА.
_4730
801 0 _aRU
_bNLR
_gpsbo
801 1 _aRU
_bELAR
_2rusmarc
852 _aNLR
_j83/870
942 _cBOOK
980 _aNB